[Event "Mercredi 2014.01.08"]
[Site "Montreal CAN"]
[Date "2014.01.29"]
[Round "4"]
[White "Valle-Romo, Ricardo"]
[Black "Rondon, Luciano"]
[Result "1-0"]
[WhiteElo "2009"]
[BlackElo "1910"]
[PlyCount "51"]
[EventDate "2014.01.08"]
[EventType "tourn"]
[EventRounds "5"]
[EventCountry "CAN"]

1. c4 Nf6 2. Nc3 g6 3. d4 c5 4. d5 d6 5. e4 Bg7 6. Be2 O-O 7. g4 Nbd7 8. h4 Ne5
9. g5 Nh5 10. f4 Ng3 11. Rh2 Nxe2 12. Qxe2 Ng4 13. Rg2 f5 14. gxf6 exf6 15.
Rxg4 Bxg4 16. Qxg4 f5 17. exf5 Rxf5 18. Bd2 b5 19. Nxb5 Bxb2 20. Rb1 Bf6 21.
Nf3 Rb8 22. Ng5 Bxg5 23. hxg5 Qe7+ 24. Qe2 Qf7 25. Rb3 Qf8 26. Qe6+ 1-0

[Event "Mercredi 2014.02.19"]
[Site "Montreal CAN"]
[Date "2014.02.19"]
[Round "1"]
[White "Abdelaal, Ibrahim"]
[Black "Ostaci, Liviu"]
[Result "1/2-1/2"]
[WhiteElo "1660"]
[BlackElo "1601"]
[PlyCount "118"]
[EventDate "2014.02.19"]
[EventType "tourn"]
[EventRounds "5"]
[EventCountry "CAN"]

1. e4 e5 2. d4 exd4 3. c3 dxc3 4. Bc4 d5 5. exd5 Nf6 6. Nxc3 Be7 7. Nf3 O-O 8.
O-O Bg4 9. h3 Bh5 10. Qd3 Bg6 11. Qd4 Nbd7 12. Be3 Bc5 13. Qd2 Bb4 14. Bg5 Nb6
15. Bb3 Be7 16. Rfe1 a6 17. Rad1 Bd6 18. Qd4 Nbd7 19. Nh4 Qb8 20. Nxg6 hxg6 21.
Bxf6 Nxf6 22. Ne4 Nxe4 23. Rxe4 Qa7 24. Qd2 Rae8 25. Rde1 Rxe4 26. Rxe4 Qb8 27.
Qe2 Qd8 28. a3 Qg5 29. Qe3 Qxe3 30. Rxe3 Rd8 31. Kf1 Kf8 32. Ba2 Re8 33. Ke2
Re7 34. Kd3 b6 35. b4 Re5 36. Kd4 Re7 37. Rxe7 Kxe7 38. Bc4 a5 39. bxa5 Bc5+
40. Ke5 Bd6+ 41. Ke4 bxa5 42. a4 f5+ 43. Kd4 Kf6 44. g4 f4 45. h4 g5 46. h5 Ba3
47. f3 Bd6 48. Bd3 Ba3 49. Be4 Bd6 50. Kc4 Ba3 51. Kb5 Bb4 52. Kc6 Bd6 53. Kd7
Be5 54. Ke8 Bd6 55. Bf5 Be5 56. Kf8 Bd6+ 57. Kg8 Ba3 58. Be4 Bd6 59. Kh7 Ba3
1/2-1/2

[Event "Mercredi 2014.02.19"]
[Site "Montreal CAN"]
[Date "2014.02.19"]
[Round "1"]
[White "Baran, Marius"]
[Black "Lamoureux, Yvon"]
[Result "1-0"]
[WhiteElo "1626"]
[BlackElo "1609"]
[PlyCount "97"]
[EventDate "2014.02.19"]
[EventType "tourn"]
[EventRounds "5"]
[EventCountry "CAN"]

1. d4 Nf6 2. c4 c5 3. d5 e6 4. Nc3 exd5 5. cxd5 d6 6. e4 g6 7. Nf3 Bg7 8. Bd3
O-O 9. O-O Na6 10. Bg5 Bg4 11. h3 Bxf3 12. Qxf3 Nc7 13. Rfe1 Re8 14. Rad1 Rb8
15. Bf1 b5 16. e5 dxe5 17. Ne4 Qxd5 18. Rxd5 Nfxd5 19. Nf6+ Nxf6 20. Bxf6 e4
21. Qg3 Bxf6 22. Qxc7 Bxb2 23. Qxc5 a6 24. Qc6 Re6 25. Qc2 Bg7 26. Rxe4 Rbe8
27. Rxe6 Rxe6 28. g3 h5 29. Bd3 Bd4 30. Kg2 Kg7 31. Qd2 Bf6 32. Bc2 Be7 33.
Qd4+ Rf6 34. g4 hxg4 35. hxg4 Kg8 36. Qd7 Bf8 37. Bb3 Bh6 38. Qd4 Kg7 39. Qe5
Bf4 40. Qe4 a5 41. Qd5 a4 42. Bc2 g5 43. Qxb5 a3 44. Qd3 Bc1 45. Qh7+ Kf8 46.
Ba4 Ke7 47. Qg8 Kd6 48. Qd8+ Ke5 49. Qc7+ 1-0

[Event "Mercredi 2014.02.19"]
[Site "Montreal CAN"]
[Date "2014.02.19"]
[Round "1"]
[White "Barko, Maxim"]
[Black "Gunapalan, David"]
[Result "0-1"]
[WhiteElo "1889"]
[BlackElo "1834"]
[PlyCount "84"]
[EventDate "2014.02.19"]
[EventType "tourn"]
[EventRounds "5"]
[EventCountry "CAN"]

1. d4 d5 2. Nf3 c5 3. e3 Nc6 4. b3 Nf6 5. Bb2 cxd4 6. exd4 Bf5 7. Nh4 Bg6 8.
Nxg6 hxg6 9. Bd3 e6 10. Nd2 Qc7 11. Nf3 Bd6 12. g3 Ne4 13. Bxe4 dxe4 14. Ng5
Nb4 15. O-O f5 16. Nxe6 Qxc2 17. Qxc2 Nxc2 18. Rac1 Kf7 19. d5 Nb4 20. Ng5+ Ke7
21. Bxg7 Rhc8 22. Bd4 Nxd5 23. a4 a6 24. h4 Nb4 25. Bb6 Nd3 26. Rc4 Rxc4 27.
bxc4 Rc8 28. f3 Bxg3 29. fxe4 f4 30. Nf3 Rxc4 31. Rd1 Nb2 32. Rd5 Nxa4 33. Bd4
Nc3 34. Bc5+ Ke8 35. Re5+ Kd8 36. Bb6+ Kd7 37. Rg5 Rxe4 38. Rxg6 Nd5 39. Rg7+
Kc6 40. Rg6+ Kb5 41. Bd4 Bxh4 42. Bh8 Bg3 0-1

[Event "Mercredi 2014.02.19"]
[Site "Montreal CAN"]
[Date "2014.02.19"]
[Round "1"]
[White "Boudreau, Daniel"]
[Black "Weston, Paul"]
[Result "1-0"]
[WhiteElo "2089"]
[BlackElo "1945"]
[PlyCount "85"]
[EventDate "2014.02.19"]
[EventType "tourn"]
[EventRounds "5"]
[EventCountry "CAN"]

1. e4 e5 2. Bc4 Nc6 3. Nf3 Be7 4. d4 d6 5. d5 Nb8 6. O-O Nf6 7. Bd3 Bg4 8. Nbd2
O-O 9. h3 Bh5 10. Re1 a5 11. Nf1 Na6 12. c4 Nc5 13. Bc2 Bg6 14. Ng3 Nfd7 15. b3
h6 16. Bd2 Bf6 17. a3 b6 18. b4 Nb7 19. Bc3 Ra7 20. Qd2 Qe7 21. Ba4 Nb8 22. Bc6
axb4 23. axb4 Rxa1 24. Rxa1 Nxc6 25. dxc6 Nd8 26. b5 Ne6 27. Ra7 Rb8 28. Qa2
Qd8 29. Ne1 Nc5 30. f3 Bg5 31. Nf1 Kh7 32. g3 f5 33. h4 Bxh4 34. exf5 Bxf5 35.
gxh4 Ne6 36. Ng2 g5 37. Nfe3 Bg6 38. Qf2 gxh4 39. Qxh4 Ng5 40. Qg4 Kh8 41. Nh4
Qf6 42. f4 Ne4 43. Nxg6+ 1-0

[Event "Mercredi 2014.02.19"]
[Site "Montreal CAN"]
[Date "2014.02.19"]
[Round "1"]
[White "Cloutier, Mathieu"]
[Black "Valle-Romo, Ricardo"]
[Result "1-0"]
[WhiteElo "2114"]
[BlackElo "2005"]
[PlyCount "91"]
[EventDate "2014.02.19"]
[EventType "tourn"]
[EventRounds "5"]
[EventCountry "CAN"]

1. e4 c5 2. Nf3 Nc6 3. d4 cxd4 4. Nxd4 e5 5. Nb5 a6 6. Nd6+ Bxd6 7. Qxd6 Qf6 8.
Qc7 Qg6 9. Nc3 Nf6 10. f3 O-O 11. Be3 d5 12. Bc5 Rd8 13. O-O-O d4 14. Na4 Nd7
15. Nb6 Nxb6 16. Qxb6 Rb8 17. Bc4 Be6 18. Bxe6 Qxe6 19. Kb1 Rd7 20. Rd3 Rbd8
21. Rhd1 Qh6 22. c3 Qxh2 23. cxd4 exd4 24. Bxd4 Qc7 25. Qxc7 Rxc7 26. Bb6 Rxd3
27. Rxd3 Re7 28. a3 h5 29. Kc2 Kh7 30. Kc3 f6 31. Rd5 Kg6 32. Be3 Ne5 33. b4
Rc7+ 34. Rc5 Rd7 35. Bd4 Nc6 36. Rd5 Rc7 37. Bb6 Rc8 38. Rd7 Ne5+ 39. Rc7 Rd8
40. Rxg7+ Kxg7 41. Bxd8 h4 42. Bc7 Kh6 43. Bxe5 fxe5 44. Kd3 b5 45. Ke3 Kg5 46.
f4+ 1-0

[Event "Mercredi 2014.02.19"]
[Site "Montreal CAN"]
[Date "2014.02.19"]
[Round "1"]
[White "Khudaverdian, Berj"]
[Black "Brassard, Sylvain"]
[Result "1-0"]
[WhiteElo "1720"]
[BlackElo "1729"]
[PlyCount "102"]
[EventDate "2014.02.19"]
[EventType "tourn"]
[EventRounds "5"]
[EventCountry "CAN"]

1. Nf3 d5 2. d4 Bf5 3. g3 h6 4. Bg2 e6 5. O-O Nf6 6. c4 c6 7. c5 Be7 8. Nc3 Ne4
9. Qb3 b6 10. cxb6 axb6 11. Be3 Nd7 12. Rac1 c5 13. Nxd5 exd5 14. Qxd5 Bh7 15.
Ne5 Nxe5 16. Qxe5 Qd6 17. Qxg7 Qf6 18. Qxf6 Bxf6 19. dxc5 bxc5 20. Rc4 Nd6 21.
Rf4 Ke7 22. Bxa8 Rxa8 23. Bxc5 Bxb2 24. a4 Bc2 25. Rb4 Ba3 26. Rc4 Bb3 27. Re4+
Kd7 28. Bxd6 Bxd6 29. Rd4 Rxa4 30. Rxa4 Bxa4 31. Ra1 Bb5 32. e4 Bd3 33. f3 Bc5+
34. Kg2 Ke6 35. Ra5 Bf8 36. Rd5 Bc4 37. Rd4 Be2 38. Rd8 Bc5 39. Rh8 Be3 40. f4
h5 41. Rh6+ Ke7 42. h3 f6 43. Rh7+ Ke6 44. f5+ Kd6 45. Rf7 Bd4 46. Rb7 Ke5 47.
Re7+ Kd6 48. Re6+ Kc5 49. Re8 Kc4 50. e5 Bxe5 51. Rxe5 fxe5 1-0

[Event "Mercredi 2014.02.19"]
[Site "Montreal CAN"]
[Date "2014.03.07"]
[Round "1"]
[White "Lopez Linares, Lizandro"]
[Black "Rondon, Luciano"]
[Result "1/2-1/2"]
[WhiteElo "2011"]
[BlackElo "1933"]
[PlyCount "31"]
[EventDate "2014.02.19"]
[EventType "tourn"]
[EventRounds "5"]
[EventCountry "CAN"]

1. d4 d5 2. c4 e6 3. Nc3 Nf6 4. cxd5 exd5 5. Bg5 c6 6. Qc2 Be7 7. e3 Bg4 8. Bd3
Bh5 9. Nge2 Bg6 10. Bxg6 hxg6 11. Rb1 Nbd7 12. b4 a6 13. a4 Nb6 14. a5 Nc4 15.
Qa2 Nd6 16. O-O 1/2-1/2

[Event "Mercredi 2014.02.19"]
[Site "Montreal CAN"]
[Date "2014.02.19"]
[Round "1"]
[White "Nardone, Raul"]
[Black "Gauthier, Luc"]
[Result "0-1"]
[WhiteElo "1876"]
[BlackElo "1838"]
[PlyCount "118"]
[EventDate "2014.02.19"]
[EventType "tourn"]
[EventRounds "5"]
[EventCountry "CAN"]

1. d4 d5 2. Nf3 Nc6 3. Bg5 f6 4. Bf4 Bg4 5. c3 e6 6. h3 Bxf3 7. exf3 Bd6 8. Be3
Nge7 9. Bd3 Ng6 10. g3 Nce7 11. h4 c6 12. h5 Nf8 13. g4 Qc7 14. Nd2 Bf4 15. Qe2
O-O-O 16. Nb3 Bxe3 17. fxe3 Nd7 18. O-O-O e5 19. Kb1 Kb8 20. Rc1 g6 21. e4 gxh5
22. gxh5 a5 23. Qc2 Qb6 24. exd5 Nxd5 25. Bxh7 a4 26. Nd2 a3 27. Bg6 Ne3 28.
Qb3 axb2 29. Qxb2 Qa6 30. Rce1 Ng2 31. Rc1 Nf4 32. Qc2 Nb6 33. Nb3 Nc4 34. Qe4
Qa3 35. Rh2 Rd5 36. Bf7 Nd6 37. Bxd5 Nxe4 38. Bxe4 Rxh5 39. Rxh5 Nxh5 40. dxe5
fxe5 41. Rh1 Nf4 42. Rh2 Qd6 43. Rd2 Qc7 44. Kc2 Qb6 45. Kb2 Ne6 46. Kc2 Kc7
47. Bf5 Nc5 48. Nxc5 Qxc5 49. Rd7+ Kb6 50. Rd2 Qc4 51. a3 Qa2+ 52. Kd3 Qxa3 53.
Be4 Kc5 54. Rh2 Qa6+ 55. Ke3 Qa1 56. Bd3 Qg1+ 57. Rf2 Qg5+ 58. Ke2 Qc1 59. c4
Kd4 0-1

[Event "Mercredi 2014.02.19"]
[Site "Montreal CAN"]
[Date "2014.02.19"]
[Round "1"]
[White "Salazar, Andres"]
[Black "Ouellet, Maili-Jade"]
[Result "1-0"]
[WhiteElo "1760"]
[BlackElo "1682"]
[PlyCount "71"]
[EventDate "2014.02.19"]
[EventType "tourn"]
[EventRounds "5"]
[EventCountry "CAN"]

1. e4 c5 2. Nf3 e6 3. d4 cxd4 4. Nxd4 Nf6 5. Nc3 Bb4 6. Bd2 Qb6 7. Nb3 Nc6 8.
Bd3 O-O 9. f4 Bxc3 10. Bxc3 Qe3+ 11. Qe2 Qxf4 12. Rf1 Qh4+ 13. g3 Qg5 14. Nd2
Ne5 15. Nf3 Nxf3+ 16. Rxf3 Ng4 17. e5 f6 18. h3 Nxe5 19. Bxe5 fxe5 20. Bxh7+
Kxh7 21. Rxf8 Qxg3+ 22. Rf2 Qg1+ 23. Kd2 Qg5+ 24. Kc3 d5 25. Rg2 d4+ 26. Kb3
Qe3+ 27. Qxe3 dxe3 28. Rag1 Kg8 29. Rxg7+ Kf8 30. h4 e2 31. Rc7 e4 32. h5 e5
33. h6 Be6+ 34. c4 Bf5 35. h7 Bxh7 36. Rxh7 1-0

[Event "Mercredi 2014.02.19"]
[Site "Montreal CAN"]
[Date "2014.02.19"]
[Round "1"]
[White "Struben, Jeroen"]
[Black "O'Connor, Michael"]
[Result "1-0"]
[WhiteElo "1691"]
[BlackElo "1753"]
[PlyCount "46"]
[EventDate "2014.02.19"]
[EventType "tourn"]
[EventRounds "5"]
[EventCountry "CAN"]

1. d4 d5 2. c4 e6 3. Nc3 Nf6 4. Nf3 c6 5. Bg5 Nbd7 6. e3 Bb4 7. Nd2 Qa5 8. Qc2
O-O 9. Be2 Re8 10. O-O e5 11. c5 exd4 12. Nb3 Qd8 13. exd4 h6 14. Bh4 Ba5 15.
Nxa5 Qxa5 16. a3 Ne4 17. Bd3 Nxc3 18. b4 Qc7 19. Qxc3 Nf8 20. Rae1 Be6 21. f4
f6 22. f5 Bf7 23. Bg3 Qd7 {...} 1-0

[Event "Mercredi 2014.02.19"]
[Site "Montreal CAN"]
[Date "2014.02.19"]
[Round "1"]
[White "Zumsteg, Nicolas"]
[Black "Nica, Ion"]
[Result "0-1"]
[WhiteElo "1674"]
[BlackElo "1597"]
[PlyCount "111"]
[EventDate "2014.02.19"]
[EventType "tourn"]
[EventRounds "5"]
[EventCountry "CAN"]

1. e4 c5 2. Nf3 Nc6 3. d4 cxd4 4. Nxd4 g6 5. Nc3 Bg7 6. Be3 Nf6 7. Bc4 O-O 8.
h3 Nxe4 9. Nxe4 d5 10. Nxc6 bxc6 11. Bd3 dxe4 12. Bxe4 Bxb2 13. Qxd8 Rxd8 14.
Bxc6 Rb8 15. Rd1 Ba6 16. Rxd8+ Rxd8 17. f3 Bc4 18. a4 a5 19. Bd2 Be5 20. f4 Bc7
21. Be3 Rb8 22. Kd2 Rd8+ 23. Kc3 Ba6 24. Re1 Rc8 25. Kd2 Bd6 26. Bb5 Bb4+ 27.
Kd1 Bxe1 28. Bxa6 Ra8 29. Bb5 Bb4 30. c4 Rc8 31. Kc2 Kf8 32. Bd4 f6 33. Bc3
Bxc3 34. Kxc3 e5 35. fxe5 fxe5 36. Kd3 Ke7 37. Ke4 Kd6 38. g3 h6 39. h4 Ke6 40.
g4 Rd8 41. c5 Rd4+ 42. Kf3 Rf4+ 43. Kg3 Kd5 44. c6 Kd6 45. Bd3 g5 46. hxg5 hxg5
47. Bb5 e4 48. Kh3 Rf3+ 49. Kg2 Rc3 50. Kf2 Ke5 51. Ke1 Kf4 52. Be2 Rxc6 53.
Kd2 Rc5 54. Ke1 Rc2 55. Kd1 Rxe2 56. Kxe2 0-1

[Event "Mercredi 2014.02.19"]
[Site "Montreal CAN"]
[Date "2014.02.26"]
[Round "2"]
[White "Brassard, Sylvain"]
[Black "Struben, Jeroen"]
[Result "0-1"]
[WhiteElo "1729"]
[BlackElo "1691"]
[PlyCount "76"]
[EventDate "2014.02.19"]
[EventType "tourn"]
[EventRounds "5"]
[EventCountry "CAN"]

1. d4 Nf6 2. Nf3 c5 3. c3 d5 4. Bf4 Nc6 5. e3 Bg4 6. Nbd2 e6 7. Bd3 Be7 8. h3
Bh5 9. O-O O-O 10. g4 Bg6 11. Bxg6 hxg6 12. Qe2 Bd6 13. dxc5 Bxf4 14. exf4 Qc7
15. Qe3 d4 16. Nxd4 Nd5 17. Qf3 Nxf4 18. Nxc6 bxc6 19. Nc4 g5 20. Nd6 g6 21. h4
Qe7 22. hxg5 Qxg5 23. Ne4 Qh6 24. g5 Qh4 25. Rfd1 Kg7 26. Kf1 Rh8 27. Ke1 Qh2
28. Kd2 Rad8+ 29. Kc2 Nd5 30. Rh1 Qe5 31. Rxh8 Rxh8 32. a3 Rh4 33. Nd6 Rf4 34.
Qh3 Rxf2+ 35. Kb3 Qe2 36. Qh6+ Kg8 37. Ne8 Qc2+ 38. Kc4 Rf4# 0-1

[Event "Mercredi 2014.02.19"]
[Site "Montreal CAN"]
[Date "2014.02.26"]
[Round "2"]
[White "Cloutier, Mathieu"]
[Black "Boudreau, Daniel"]
[Result "0-1"]
[WhiteElo "2114"]
[BlackElo "2089"]
[PlyCount "72"]
[EventDate "2014.02.19"]
[EventType "tourn"]
[EventRounds "5"]
[EventCountry "CAN"]

1. e4 c5 2. Nf3 e6 3. d4 cxd4 4. Nxd4 Nc6 5. Nc3 Qc7 6. f4 a6 7. Nxc6 Qxc6 8.
Bd3 b5 9. Qe2 Bb7 10. O-O Bc5+ 11. Kh1 Nf6 12. f5 b4 13. e5 bxc3 14. exf6 gxf6
15. Rf4 Rg8 16. Be4 d5 17. Bf3 e5 18. Rh4 O-O-O 19. b4 e4 20. Bh5 Bxb4 21. Bxf7
d4 22. Bf4 Rg7 23. Be6+ Rdd7 24. Rg4 Kd8 25. Bh6 Rxg4 26. Qxg4 Re7 27. Bg7 Rxg7
28. Qxg7 Be7 29. Rd1 d3 30. cxd3 c2 31. Rc1 exd3 32. Qg3 Qxg2+ 33. Qxg2 Bxg2+
34. Kxg2 Ba3 35. Bb3 Bxc1 36. Kf3 Bh6 0-1

[Event "Mercredi 2014.02.19"]
[Site "Montreal CAN"]
[Date "2014.02.26"]
[Round "2"]
[White "Gunapalan, David"]
[Black "Nardone, Raul"]
[Result "0-1"]
[WhiteElo "1834"]
[BlackElo "1876"]
[PlyCount "76"]
[EventDate "2014.02.19"]
[EventType "tourn"]
[EventRounds "5"]
[EventCountry "CAN"]

1. e4 c5 2. Nc3 a6 3. Bc4 e6 4. a3 b5 5. Ba2 Nc6 6. d3 Nf6 7. Bg5 Be7 8. f4 h6
9. Bxf6 Bxf6 10. e5 Be7 11. Nf3 d5 12. exd6 Qxd6 13. Qd2 Bb7 14. O-O Rd8 15.
Ne4 Qc7 16. Qf2 Nd4 17. Ne5 Bxe4 18. dxe4 c4 19. Kh1 Bc5 20. Qg3 O-O 21. c3 Ne2
22. Qg4 Nxf4 23. Nxc4 Nd3 24. Nd2 Nf2+ 25. Rxf2 Bxf2 26. Nf3 Qd6 27. Bb3 Qb6
28. Rf1 Rd6 29. Qf4 Be3 30. Qg3 Qd8 31. Ne5 Qg5 32. Ng4 Bc5 33. h4 Qg6 34. Ba2
h5 35. e5 Rd3 36. Nf6+ gxf6 37. Qxg6+ fxg6 38. Bxe6+ Kg7 0-1

[Event "Mercredi 2014.02.19"]
[Site "Montreal CAN"]
[Date "2014.02.26"]
[Round "2"]
[White "Nica, Ion"]
[Black "Lamoureux, Yvon"]
[Result "1-0"]
[WhiteElo "1597"]
[BlackElo "1609"]
[PlyCount "77"]
[EventDate "2014.02.19"]
[EventType "tourn"]
[EventRounds "5"]
[EventCountry "CAN"]

1. d4 Nf6 2. Nf3 c5 3. c3 cxd4 4. cxd4 d5 5. Qc2 g6 6. Bf4 Bg7 7. e3 Nc6 8. h4
Bf5 9. Qb3 Qb6 10. Qxb6 axb6 11. Na3 O-O 12. Bc7 Nd7 13. h5 Nb4 14. Bb5 Rfc8
15. Bxd7 Bxd7 16. Bxb6 Nd3+ 17. Kd2 Nxb2 18. Rhb1 Na4 19. Nc2 Bf5 20. Nfe1 Rc6
21. h6 Bf6 22. Ba5 Rxa5 23. Rxb7 Nc3 24. Nb4 Rc8 25. f3 Rb5 26. Rxb5 Nxb5 27.
Nxd5 Be6 28. Nxf6+ exf6 29. Nd3 Kf8 30. Nc5 Ke7 31. a4 Nc7 32. e4 Ra8 33. d5
Bc8 34. Rb1 Kd6 35. Rc1 Na6 36. Nxa6 Bxa6 37. Rc6+ Ke5 38. Ke3 g5 39. g3 1-0

[Event "Mercredi 2014.02.19"]
[Site "Montreal CAN"]
[Date "2014.02.26"]
[Round "2"]
[White "Ostaci, Liviu"]
[Black "Baran, Marius"]
[Result "1/2-1/2"]
[WhiteElo "1601"]
[BlackElo "1626"]
[PlyCount "71"]
[EventDate "2014.02.19"]
[EventType "tourn"]
[EventRounds "5"]
[EventCountry "CAN"]

1. c4 e6 2. Nf3 d5 3. b3 Nf6 4. Bb2 b6 5. g3 Bb7 6. Bg2 dxc4 7. bxc4 Be7 8. O-O
O-O 9. d3 c5 10. Nbd2 Qc7 11. Qc2 Nc6 12. a3 e5 13. Rad1 Nd4 14. Nxd4 exd4 15.
Bxb7 Qxb7 16. e4 Bd6 17. Rfe1 Rae8 18. Nf1 Ng4 19. f3 Ne5 20. Qg2 f6 21. f4 Ng6
22. Nd2 h5 23. Rb1 Qd7 24. Qf3 Qg4 25. Qxg4 hxg4 26. a4 Bc7 27. Ba3 Ne7 28. Kg2
Nc6 29. Rh1 Kf7 30. h3 gxh3+ 31. Rxh3 Rh8 32. Rxh8 Rxh8 33. Nf3 Rh5 34. Rf1 g6
35. Rf2 Kg7 36. Re2 1/2-1/2

[Event "Mercredi 2014.02.19"]
[Site "Montreal CAN"]
[Date "2014.02.26"]
[Round "2"]
[White "Ouellet, Maili-Jade"]
[Black "O'Connor, Michael"]
[Result "1-0"]
[WhiteElo "1682"]
[BlackElo "1753"]
[PlyCount "63"]
[EventDate "2014.02.19"]
[EventType "tourn"]
[EventRounds "5"]
[EventCountry "CAN"]

1. d4 e6 2. c4 d5 3. Nc3 Nf6 4. Bg5 Nbd7 5. e3 c6 6. Nf3 Qa5 7. cxd5 exd5 8.
Nd2 Bb4 9. Qc2 O-O 10. Nb3 Qc7 11. Bd3 h6 12. Bf4 Qd8 13. O-O Re8 14. h3 Qe7
15. Rae1 Ne4 16. f3 Nxc3 17. bxc3 Bd6 18. Bxd6 Qxd6 19. e4 Qg3 20. Qf2 Qc7 21.
c4 dxc4 22. Bxc4 Nf6 23. Bd3 b6 24. f4 a5 25. f5 a4 26. Nd2 Ba6 27. Bxa6 Rxa6
28. e5 Nd5 29. Ne4 Nb4 30. f6 Nd3 31. Qg3 g6 32. Qxd3 1-0

[Event "Mercredi 2014.02.19"]
[Site "Montreal CAN"]
[Date "2014.02.26"]
[Round "2"]
[White "Salazar, Andres"]
[Black "Khudaverdian, Berj"]
[Result "1-0"]
[WhiteElo "1760"]
[BlackElo "1720"]
[PlyCount "95"]
[EventDate "2014.02.19"]
[EventType "tourn"]
[EventRounds "5"]
[EventCountry "CAN"]

1. e4 e6 2. d4 d5 3. e5 c5 4. c3 Nc6 5. Nf3 Qb6 6. Bd3 h6 7. O-O Bd7 8. Bc2
Nge7 9. a3 c4 10. Kh1 g6 11. Nbd2 Nf5 12. g4 Nfe7 13. Rb1 Qd8 14. b4 b5 15. Ng1
h5 16. f3 a5 17. f4 hxg4 18. Qxg4 Rh4 19. Qg2 Nf5 20. Ndf3 Rh8 21. Nh3 axb4 22.
cxb4 Nce7 23. Nhg5 Bh6 24. Rg1 Bxg5 25. fxg5 Qb6 26. Qf2 O-O-O 27. Bf4 Rh3 28.
Bg3 Rdh8 29. Ra1 Qa7 30. Kg2 Nxg3 31. hxg3 Nf5 32. Bxf5 gxf5 33. Nh4 R8xh4 34.
gxh4 Rxa3 35. Qb2 Ra4 36. h5 Qc7 37. Qc3 Qd8 38. Kf3 Qh8 39. Rh1 Bc6 40. Rag1
Qxe5 41. Qe3 Qg7 42. g6 Rxb4 43. h6 Qf6 44. g7 Rb3 45. g8=Q+ Kb7 46. Rg7 Rxe3+
47. Kxe3 f4+ 48. Kf3 1-0

[Event "Mercredi 2014.02.19"]
[Site "Montreal CAN"]
[Date "2014.02.26"]
[Round "2"]
[White "Valle-Romo, Ricardo"]
[Black "Rondon, Luciano"]
[Result "1-0"]
[WhiteElo "1933"]
[BlackElo "2005"]
[PlyCount "138"]
[EventDate "2014.02.19"]
[EventType "tourn"]
[EventRounds "5"]
[EventCountry "CAN"]

1. Nf3 d5 2. b3 Nf6 3. e3 Bf5 4. Bb2 h6 5. Be2 e6 6. O-O c5 7. Ne5 a6 8. f4 h5
9. d3 Nc6 10. Nxc6 bxc6 11. Bf3 Be7 12. Qe2 Qb6 13. c4 Bg4 14. e4 Bxf3 15. Qxf3
d4 16. Nd2 Ng4 17. Rfe1 Ne3 18. Rxe3 dxe3 19. Qxe3 Bf6 20. e5 Be7 21. Ne4 O-O-O
22. Bc3 a5 23. Qd2 Qb7 24. Bxa5 Rd7 25. Qe2 Qa6 26. Be1 Rhd8 27. Rd1 Qa3 28.
Nc3 Qa7 29. Bf2 g6 30. Na4 Qa5 31. h3 Kc7 32. Qc2 Rb8 33. Be3 Rbd8 34. Kf2 Rb8
35. Ke2 Qb4 36. Bd2 Qb7 37. Ba5+ Kc8 38. Nb6+ Kd8 39. Nxd7+ Kxd7 40. d4 Ke8 41.
Qd2 cxd4 42. Qxd4 c5 43. Qf2 Ra8 44. Bd2 Qe4+ 45. Kf1 Rxa2 46. Qe3 Qxe3 47.
Bxe3 Rb2 48. Rd3 Bf8 49. h4 Be7 50. g3 Bf8 51. Bf2 Ra2 52. Kg2 Be7 53. Kf3 Rb2
54. Be1 Bd8 55. Bd2 Ra2 56. b4 cxb4 57. Bxb4 Rc2 58. Rc3 Rb2 59. Bd6 Ba5 60.
Ra3 Bb4 61. Ra7 Be1 62. Re7+ Kd8 63. c5 Rf2+ 64. Ke3 Rc2 65. Rxf7 Bxg3 66. Kf3
Bxh4 67. Rg7 Bf2 68. Rxg6 Kd7 69. Rg7+ Kc6 1-0

[Event "Mercredi 2014.02.19"]
[Site "Montreal CAN"]
[Date "2014.02.26"]
[Round "2"]
[White "Weston, Paul"]
[Black "Lopez Linares, Lizandro"]
[Result "1-0"]
[WhiteElo "1945"]
[BlackElo "2011"]
[PlyCount "85"]
[EventDate "2014.02.19"]
[EventType "tourn"]
[EventRounds "5"]
[EventCountry "CAN"]

1. e4 c6 2. d4 d5 3. e5 Bf5 4. Bd3 Bxd3 5. Qxd3 e6 6. Nc3 c5 7. Qb5+ Qd7 8.
dxc5 d4 9. Qxd7+ Kxd7 10. Ne4 f6 11. Nf3 Nc6 12. Bf4 g5 13. Bg3 f5 14. Nexg5
Nge7 15. O-O-O Nd5 16. Nxd4 Nxd4 17. Rxd4 Bxc5 18. Rd3 h6 19. Nh3 Kc6 20. Rhd1
b5 21. Nf4 Nxf4 22. Bxf4 Rh7 23. Be3 Bxe3+ 24. fxe3 Re8 25. Rd6+ Kc7 26. Ra6
Kb7 27. Rdd6 Rc8 28. a3 Rhc7 29. c3 Rc6 30. Rdxc6 Rxc6 31. Rxc6 Kxc6 32. Kd2
Kd5 33. Kd3 Kxe5 34. b3 Kd5 35. c4+ bxc4+ 36. bxc4+ Kc5 37. Kc3 h5 38. Kb3 e5
39. g3 a5 40. Kc3 Kc6 41. Kd3 Kc5 42. h3 Kc6 43. e4 1-0

[Event "Mercredi 2014.02.19"]
[Site "Montreal CAN"]
[Date "2014.02.26"]
[Round "2"]
[White "Zumsteg, Nicolas"]
[Black "Abdelaal, Ibrahim"]
[Result "1-0"]
[WhiteElo "1674"]
[BlackElo "1660"]
[PlyCount "81"]
[EventDate "2014.02.19"]
[EventType "tourn"]
[EventRounds "5"]
[EventCountry "CAN"]

1. d4 Nf6 2. c4 c5 3. d5 b5 4. cxb5 a6 5. b6 Qxb6 6. Nc3 d6 7. e4 g6 8. Nf3 Bg4
9. Be2 Bg7 10. Nd2 Bxe2 11. Qxe2 O-O 12. O-O Nbd7 13. Nc4 Qc7 14. f4 Nb6 15.
Rb1 Nxc4 16. Qxc4 Rfb8 17. b3 Ng4 18. Ne2 Rb4 19. Qd3 c4 20. Qf3 Qb6+ 21. Kh1
h5 22. h3 Nh6 23. Bd2 Rb5 24. Nc3 Bxc3 25. Bxc3 cxb3 26. a4 Rc5 27. Bd4 Rb8 28.
f5 Qb4 29. Bxc5 dxc5 30. fxg6 fxg6 31. Qf4 Kh7 32. Qc7 Rb7 33. Qc8 Rb8 34. Qe6
c4 35. Qc6 c3 36. Rfc1 c2 37. Rxc2 Qxe4 38. Rcb2 Nf5 39. Qc3 Nh4 40. Re1 Qxd5
41. Rxe7+ 1-0

[Event "Mercredi 2014.02.19"]
[Site "Montreal CAN"]
[Date "2014.03.05"]
[Round "3"]
[White "Abdelaal, Ibrahim"]
[Black "Nica, Ion"]
[Result "1-0"]
[WhiteElo "1660"]
[BlackElo "1597"]
[PlyCount "119"]
[EventDate "2014.02.19"]
[EventType "tourn"]
[EventRounds "5"]
[EventCountry "CAN"]

1. e4 e5 2. d4 exd4 3. c3 dxc3 4. Bc4 cxb2 5. Bxb2 d5 6. exd5 Bb4+ 7. Nc3 Nf6
8. Nge2 O-O 9. O-O Ng4 10. Qd4 Qf6 11. Qxf6 Nxf6 12. Nb5 Na6 13. Bxf6 gxf6 14.
Nf4 c6 15. dxc6 bxc6 16. Nd4 Bc3 17. Rad1 Nb4 18. a3 Bxd4 19. Rxd4 Nc2 20. Rd3
Bf5 21. Rg3+ Kh8 22. Nh5 Rg8 23. Bxf7 Rxg3 24. Nxg3 Bg6 25. Bxg6 hxg6 26. Rc1
Nd4 27. Rc5 Rd8 28. h3 f5 29. Kh2 Kg7 30. Nf1 Kf6 31. Ne3 g5 32. Nc2 Nxc2 33.
Rxc6+ Ke5 34. Rxc2 Rd3 35. Rc5+ Ke6 36. Ra5 Rd7 37. a4 Rh7 38. g3 Rf7 39. Kg2
g4 40. hxg4 f4 41. gxf4 Rxf4 42. Rxa7 Rxg4+ 43. Kf3 Rb4 44. a5 Rb3+ 45. Kg4 Rb1
46. a6 Rg1+ 47. Kf4 Ra1 48. Ra8 Ra4+ 49. Kg3 Ra3+ 50. Kg4 Ra2 51. f4 Rg2+ 52.
Kf3 Ra2 53. a7 Ra3+ 54. Kg4 Kf7 55. Rh8 Ra1 56. a8=Q Rg1+ 57. Kf5 Rg5+ 58. fxg5
Ke7 59. Qd8+ Kf7 60. Rh7# 1-0

[Event "Mercredi 2014.02.19"]
[Site "Montreal CAN"]
[Date "2014.03.05"]
[Round "3"]
[White "Baran, Marius"]
[Black "Zumsteg, Nicolas"]
[Result "1-0"]
[WhiteElo "1626"]
[BlackElo "1674"]
[PlyCount "97"]
[EventDate "2014.02.19"]
[EventType "tourn"]
[EventRounds "5"]
[EventCountry "CAN"]

1. d4 e6 2. c4 Nf6 3. Nc3 c5 4. d5 d6 5. e4 g6 6. Bg5 Bg7 7. Bd3 O-O 8. Qd2
exd5 9. exd5 Re8+ 10. Nge2 Nbd7 11. f4 h6 12. Bh4 Ne4 13. Bxd8 Nxd2 14. Kxd2
Rxd8 15. Rae1 Nf6 16. h3 Bd7 17. g4 Re8 18. Ng3 Rxe1 19. Rxe1 Re8 20. Nce4 b6
21. Nxd6 Rxe1 22. Kxe1 h5 23. g5 Nh7 24. h4 Bxb2 25. Kd2 Bd4 26. Nde4 Kf8 27.
Ne2 Bg7 28. N4g3 Bg4 29. f5 gxf5 30. Bxf5 Nf6 31. gxf6 Bxf6 32. Bxg4 hxg4 33.
Nf5 Ke8 34. Ke3 Be5 35. Ke4 f6 36. h5 Kf7 37. Nh6+ Kg7 38. Nxg4 Bd6 39. Kf5 a6
40. Nxf6 Kf7 41. Ne4 Bf8 42. a4 Bh6 43. Nd6+ Kg7 44. Nc8 b5 45. cxb5 axb5 46.
axb5 Bd2 47. b6 Ba5 48. d6 Kf7 49. b7 1-0